| 000 | 00000nam##2200000za#4500 |
| 001 | 9.678250 |
| 003 | CaOODSP |
| 005 | 20250506145324 |
| 007 | ta |
| 008 | 150407|1991||||xxc||||| f|0| 0 fre|d |
| 020 | |a0-662-96964-2 |
| 040 | |aCaOODSP|bfre |
| 043 | |an-cn--- |
| 086 | 1 |aA53-1470/1991F |
| 110 | 1 |aCanada.|bAgriculture Canada. |
| 245 | 13|aLe sainfoin dans l'ouest du Canada / |c[par] B.P. Goplen, K.W. Richards et J.R. Moyer. |
| 260 | |aOttawa - Ontario : |bAgriculture Canada |c1991. |
| 300 | |a24p. : |bill., tableaux ; |c23 cm. |
| 500 | |aSommaire: Recommandations.--Introduction.--Caractéristiques.--Adaptation.--Cultiva rs.--Inoculation et fertilisation.--Semis.--Désherbage.--Utilisation et régie.--Production de semences.--Maladies et insectes. Cette publication a déjà été signalée sur la Liste spéciale 1991 n° 12 (le 31 décembre 1991). |
| 563 | |aCouverture souple |
| 590 | |a92-03|b1992-01-17 |
| 720 | 1 |aGoplen, B. P. |
| 720 | 1 |aRichards, K. W. |
| 720 | 1 |aMoyer, J. R. |
| 775 | 08|tSainfoin for Western Canada / |w(CaOODSP)9.644405 |
| 776 | 0#|tLe sainfoin dans l'ouest du Canada / |w(CaOODSP)9.644245 |
| 986 | |aPublication 1470/F |